Statistics for Capitals of Provinces (Voivodeships) of Poland on a Map

Click here to take the quiz!

General Stats

  • This quiz has been taken 223 times
  • The average score is 12 of 16

Answers on the Map

Answers color-coded by a green-red scale on the quiz's map according to % correct below.
 

Answer Stats

Answer% Correct
Warsaw
98%
Gdańsk
95%
Kraków
93%
Łódź
90%
Lublin
88%
Wrocław
86%
Szczecin
85%
Katowice
84%
Poznań
80%
Opole
72%
Białystok
69%
Bydgoszcz
64%
Rzeszów
50%
Kielce
48%
Olsztyn
48%
Gorzów Wielkopolski
42%

Score Distribution

Percentile by Number Answered

Percent of People with Each Score

Your Score History

You have not taken this quiz